| Tag |
First Indicator |
Second Indicator |
Subfields |
| LEADER |
00000cam a2200000 a 4500 |
| 001 |
in00000013845 |
| 005 |
20151007052438.0 |
| 008 |
870416s1987 caua b 00100 eng d |
| 010 |
|
|
|a 87011375
|
| 020 |
|
|
|a 012372483X (alk. paper)
|
| 035 |
|
|
|a (OCoLC)15695695
|
| 035 |
|
|
|9 AAA7816AM
|
| 040 |
|
|
|a DNLM/DLC
|c DLC
|d TXA
|d UtOrBLW
|
| 049 |
|
|
|a TXAM
|c [A11463187]
|
| 050 |
0 |
0 |
|a QP623
|b .M65 1987
|
| 060 |
|
0 |
|a QU 58 M7164
|
| 082 |
0 |
|
|a 574.87/3283
|2 19
|
| 245 |
0 |
0 |
|a Molecular biology of RNA :
|b new perspectives /
|c edited by Masayori Inouye, Bernard S. Dudock.
|
| 264 |
|
1 |
|a San Diego :
|b Academic Press,
|c [1987]
|
| 264 |
|
4 |
|c ©1987
|
| 300 |
|
|
|a xii, 451 pages :
|b illustrations ;
|c 24 cm.
|
| 336 |
|
|
|a text
|b txt
|2 rdacontent
|
| 337 |
|
|
|a unmediated
|b n
|2 rdamedia
|
| 338 |
|
|
|a volume
|b nc
|2 rdacarrier
|
| 504 |
|
|
|a Includes bibliographies and index.
|
| 650 |
|
0 |
|a RNA.
|
| 650 |
|
0 |
|a Molecular biology.
|
| 650 |
|
0 |
|a Molecular genetics.
|
| 700 |
1 |
|
|a Inouye, Masayori.
|
| 700 |
1 |
|
|a Dudock, Bernard S.
|
| 999 |
|
|
|a MARS
|
| 999 |
f |
f |
|s 39d8e04b-2671-3381-abd5-6c12026183e6
|i 99ebdefd-f9f6-39e5-b7e5-ee9ae90b7768
|t 0
|
| 952 |
f |
f |
|p ric
|a Texas A&M University
|b Rellis Campus
|c Joint Library Facility
|d Remote Storage
|t 0
|e QP623 .M65 1987
|h Library of Congress classification
|i unmediated -- volume
|m A14811463187
|
| 998 |
f |
f |
|a QP623 .M65 1987
|t 0
|l Remote Storage
|